00383nam a22001457a 450000500170000000800410001702200130005804100130007108200130008410000130009724500280011026000470013830000260018565000260021120240408091941.0240408b |||||||| |||| 00| 0 eng d a0258249X aEnglish  a349 IND  lEnglish  aIndustrial Law Journal  aCape Town: bJuta and Company Ltd, c2006  b244 pages ; c25 cm.  aLegal practice bLaw